[Event "Oberhausener SV 1 - DJK Aufwärts Aachen"]
[Site "NRW-Klasse - Gruppe 3 2019/20"]
[Date "2019.10.06"]
[Round "2.2"]
[White "Montignies, Rainer"]
[Black "Marcziter, Dmitrii"]
[Result "1/2-1/2"]
[WhiteElo "2256"]
[BlackElo "2253"]
[PlyCount "24"]
[EventDate "2019.??.??"]
[SourceVersionDate "2020.03.16"]
[WhiteTeam "Oberhausener SV 1"]
[BlackTeam "DJK Aufwärts Aachen 3"]

1. Nf3 Nf6 2. g3 g6 3. b3 Bg7 4. Bb2 O-O 5. Bg2 c5 6. c4 d6 7. d4 Ne4 8. O-O
Nc6 9. Nbd2 Nxd2 10. Qxd2 cxd4 11. Nxd4 Bd7 12. Rfd1 Qb6 1/2-1/2

[Event "Oberhausener SV 1 - DJK Aufwärts Aachen"]
[Site "NRW-Klasse - Gruppe 3 2019/20"]
[Date "2019.10.06"]
[Round "2.3"]
[White "Juegel, Marcel"]
[Black "Kummerow, Heiko"]
[Result "1/2-1/2"]
[WhiteElo "2162"]
[BlackElo "2186"]
[PlyCount "27"]
[EventDate "2019.??.??"]
[SourceVersionDate "2020.03.16"]
[WhiteTeam "DJK Aufwärts Aachen 3"]
[BlackTeam "Oberhausener SV 1"]

1. d4 Nf6 2. Nc3 d5 3. Bf4 g6 4. e3 Bg7 5. h4 h5 6. Bd3 O-O 7. Qd2 c5 8. Nf3
Nc6 9. a3 cxd4 10. exd4 Qb6 11. Na4 Qd8 12. Nc3 Qb6 13. Na4 Qd8 14. Nc3 1/2-1/2

[Event "Oberhausener SV 1 - DJK Aufwärts Aachen"]
[Site "NRW-Klasse - Gruppe 3 2019/20"]
[Date "2019.10.06"]
[Round "2.4"]
[White "Ciornei, Dragos"]
[Black "Deider, Kevin"]
[Result "1/2-1/2"]
[WhiteElo "2135"]
[BlackElo "1943"]
[PlyCount "77"]
[EventDate "2019.??.??"]
[SourceVersionDate "2020.03.16"]
[WhiteTeam "Oberhausener SV 1"]
[BlackTeam "DJK Aufwärts Aachen 3"]

1. e4 c5 2. Nf3 g6 3. d4 cxd4 4. Nxd4 Nc6 5. Nc3 Bg7 6. Be3 Nf6 7. Bc4 O-O 8.
Bb3 a6 9. f3 Qc7 10. Qd2 b5 11. O-O-O Bb7 12. g4 Na5 13. h4 Rfc8 14. Kb1 Nxb3
15. axb3 b4 16. Na4 e5 17. Ne2 d5 18. Bb6 Qc6 19. g5 dxe4 20. gxf6 Qxf6 21.
fxe4 Bxe4 22. Rc1 Rc6 23. Qxb4 Bxh1 24. Rxh1 Rb8 25. Nec3 Rcxb6 26. Nxb6 Qxb6
27. Qc4 Rd8 28. Rf1 Qb7 29. h5 Rd4 30. Qc5 Qd7 31. h6 Bxh6 32. Qxe5 Bg7 33.
Qb8+ Bf8 34. Qa8 Rd6 35. Ka2 Re6 36. Nd5 Kg7 37. c4 Bc5 38. Qb8 Re2 39. Qf4
1/2-1/2

[Event "Oberhausener SV 1 - DJK Aufwärts Aachen"]
[Site "NRW-Klasse - Gruppe 3 2019/20"]
[Date "2019.10.06"]
[Round "2.5"]
[White "Gourevitch, Mikhail"]
[Black "Alkhazashvili, Ololi"]
[Result "0-1"]
[WhiteElo "2114"]
[BlackElo "2158"]
[PlyCount "126"]
[EventDate "2019.??.??"]
[SourceVersionDate "2020.03.16"]
[WhiteTeam "DJK Aufwärts Aachen 3"]
[BlackTeam "Oberhausener SV 1"]

1. e4 c5 2. Nf3 e6 3. d4 cxd4 4. Nxd4 a6 5. Nc3 Qc7 6. g3 Nf6 7. Bg2 d6 8. O-O
Be7 9. Be3 Bd7 10. Qe2 Nc6 11. Nxc6 bxc6 12. f4 O-O 13. g4 Rfb8 14. g5 Ne8 15.
b3 Qa5 16. Na4 g6 17. Rad1 Qc7 18. c4 Bf8 19. Qf2 Rb4 20. Bb6 Qb8 21. c5 d5 22.
Rd3 f5 23. exf5 exf5 24. Nc3 Be6 25. Qe1 Bf7 26. Qh4 Ng7 27. Ne2 Qe8 28. Nd4
Rb8 29. Qf2 Ne6 30. Re1 Qd7 31. Nxe6 Bxe6 32. a3 Re4 33. b4 Qg7 34. Red1 Re8
35. Bf1 Bc8 36. Qd2 h6 37. h4 hxg5 38. hxg5 Qe7 39. Kf2 Bg7 40. a4 Kf7 41. b5
Rh8 42. bxc6 Rh2+ 43. Bg2 Re2+ 44. Qxe2 Rxg2+ 45. Kxg2 Qxe2+ 46. Kg3 Qg4+ 47.
Kf2 Qxf4+ 48. Ke2 a5 49. c7 Ba6 50. c8=Q Bxc8 51. c6 Ba6 52. c7 Bd4 53. Bxd4
Qxd4 54. Ke1 Qe5+ 55. Kd2 Qxc7 56. Rxd5 Bc4 57. Rd4 Qc5 58. Ke3 Bb3 59. R1d2
Bxa4 60. Kf4 Qc7+ 61. Ke3 Qg3+ 62. Ke2 Bb5+ 63. Kd1 Qxg5 0-1

[Event "Oberhausener SV 1 - DJK Aufwärts Aachen"]
[Site "NRW-Klasse - Gruppe 3 2019/20"]
[Date "2019.10.06"]
[Round "2.6"]
[White "Nissen, Claus"]
[Black "Schloemer, Armin"]
[Result "1-0"]
[WhiteElo "2107"]
[BlackElo "1937"]
[PlyCount "81"]
[EventDate "2019.??.??"]
[SourceVersionDate "2020.03.16"]
[WhiteTeam "Oberhausener SV 1"]
[BlackTeam "DJK Aufwärts Aachen 3"]

1. Nf3 e6 2. g3 b6 3. Bg2 Bb7 4. c4 f5 5. Nc3 Nf6 6. O-O g6 7. d3 Bg7 8. Qc2
O-O 9. e4 Qc8 10. Re1 Ne8 11. Bf4 Nc6 12. exf5 Rxf5 13. Qd2 Nd4 14. Nxd4 Bxd4
15. Be4 Rf7 16. Nb5 Bg7 17. Rac1 a6 18. Nc3 Nf6 19. Bxb7 Qxb7 20. d4 Ng4 21.
Re2 Raf8 22. Ne4 e5 23. dxe5 Bxe5 24. Bxe5 Nxe5 25. Qd5 Qxd5 26. cxd5 c5 27.
dxc6 dxc6 28. Ng5 Re7 29. Rce1 Rfe8 30. Kf1 c5 31. Ne4 Re6 32. f4 Nf3 33. Nf6+
Rxf6 34. Rxe8+ Kg7 35. R1e7+ Kh6 36. Rh8 g5 37. Rhxh7+ Kg6 38. Kf2 g4 39. h3
Nd4 40. hxg4 Rd6 41. Ref7 1-0

[Event "Oberhausener SV 1 - DJK Aufwärts Aachen"]
[Site "NRW-Klasse - Gruppe 3 2019/20"]
[Date "2019.10.06"]
[Round "2.7"]
[White "Braeuer, Karl-Heinz"]
[Black "Groß, Thomas"]
[Result "1/2-1/2"]
[WhiteElo "1969"]
[BlackElo "2004"]
[PlyCount "34"]
[EventDate "2019.??.??"]
[SourceVersionDate "2020.03.16"]
[WhiteTeam "DJK Aufwärts Aachen 3"]
[BlackTeam "Oberhausener SV 1"]

1. d4 d5 2. Bf4 Nf6 3. e3 e6 4. Nf3 Bd6 5. Ne5 O-O 6. Nd2 c5 7. c3 Nc6 8. Bd3
cxd4 9. Nxc6 bxc6 10. Bxd6 Qxd6 11. exd4 e5 12. O-O e4 13. Be2 Qf4 14. Nb3 Re8
15. Nc5 Qh4 16. Qd2 Bg4 17. Qf4 Qh5 1/2-1/2

[Event "Oberhausener SV 1 - DJK Aufwärts Aachen"]
[Site "NRW-Klasse - Gruppe 3 2019/20"]
[Date "2019.10.06"]
[Round "2.8"]
[White "Voge, Andreas"]
[Black "Hennicken, Reinhard"]
[Result "0-1"]
[WhiteElo "2026"]
[BlackElo "1913"]
[PlyCount "90"]
[EventDate "2019.??.??"]
[SourceVersionDate "2020.03.16"]
[WhiteTeam "Oberhausener SV 1"]
[BlackTeam "DJK Aufwärts Aachen 3"]

1. e4 e5 2. Nf3 Nc6 3. Bb5 a6 4. Ba4 Nf6 5. O-O Be7 6. Re1 b5 7. Bb3 O-O 8. a4
Bb7 9. Nc3 Nd4 10. Nxd4 exd4 11. Nd5 Nxd5 12. exd5 Bf6 13. d3 d6 14. Bd2 Qd7
15. axb5 axb5 16. Rxa8 Rxa8 17. Qe2 Kf8 18. Qe4 Re8 19. Qxh7 Rxe1+ 20. Bxe1 g6
21. Qh6+ Kg8 22. Ba5 Qe7 23. Qd2 Bg5 24. Qe1 Qxe1+ 25. Bxe1 Bc1 26. Ba5 c6 27.
dxc6 Bxc6 28. Bb4 d5 29. Ba3 Kg7 30. Kf1 Kf6 31. Ke2 b4 32. Bxb4 Bxb2 33. f4
Bc1 34. Kf3 Ke6 35. Bc5 Bb2 36. Kg4 f6 37. f5+ gxf5+ 38. Kf3 Ke5 39. Bb6 Be8
40. Bc7+ Ke6 41. Bf4 Bc3 42. Bc1 Bb4 43. Bb2 Ke5 44. Bc1 Bh5+ 45. Kg3 Be1+ 0-1

[Event "SK Turm Kleve 1 - Brühler SK 1"]
[Site "NRW-Klasse - Gruppe 3 2019/20"]
[Date "2019.10.06"]
[Round "2.1"]
[White "Loifenfeld, Jakov"]
[Black "Melde, Benjamin"]
[Result "1-0"]
[WhiteElo "2374"]
[BlackElo "2122"]
[PlyCount "121"]
[EventDate "2019.??.??"]
[SourceVersionDate "2020.03.16"]
[WhiteTeam "Brühler SK 1"]
[BlackTeam "SK Turm Kleve 1"]

1. d4 Nf6 2. c4 g6 3. Nc3 Bg7 4. Nf3 O-O 5. e3 c5 6. Be2 e6 7. O-O b6 8. b3 Bb7
9. Bb2 Qe7 10. dxc5 bxc5 11. Nb5 d5 12. cxd5 exd5 13. Be5 Ne4 14. Bxg7 Kxg7 15.
Rc1 Nc6 16. Qc2 Rac8 17. Nd2 Nxd2 18. Qxd2 a6 19. Nc3 d4 20. Na4 Ne5 21. f4 Nc6
22. Nxc5 dxe3 23. Qc3+ Kg8 24. Nxb7 Qxb7 25. Qxe3 Rfe8 26. Qf2 Nd4 27. Bc4 Nf5
28. Rfe1 a5 29. Bd3 Rxc1 30. Rxc1 Qd5 31. Bc4 Qd6 32. Bb5 Re4 33. g3 h5 34. Bc4
Ne3 35. Bf1 Ng4 36. Qc5 Qd2 37. Rc2 Qd1 38. Rc1 Qf3 39. Bg2 Qe3+ 40. Qxe3 Rxe3
41. h3 Nh6 42. Kf2 Rd3 43. Rc2 Kg7 44. Be4 Rd4 45. Ke3 Rd1 46. Rc5 Re1+ 47. Kf3
Rh1 48. Kf2 Rd1 49. Rxa5 f5 50. Bf3 Rb1 51. Bd5 Rb2+ 52. Ke3 h4 53. gxh4 Rh2
54. Kd4 Rxh3 55. b4 Rxh4 56. b5 Rxf4+ 57. Kc5 Ng4 58. b6 Ne5 59. b7 Nd3+ 60.
Kb6 Ne5 61. Kc7 1-0

[Event "SK Turm Kleve 1 - Brühler SK 1"]
[Site "NRW-Klasse - Gruppe 3 2019/20"]
[Date "2019.10.06"]
[Round "2.3"]
[White "Gramb, Marius"]
[Black "Verfuerth, Kevin"]
[Result "1-0"]
[WhiteElo "2131"]
[BlackElo "2030"]
[PlyCount "97"]
[EventDate "2019.??.??"]
[SourceVersionDate "2020.03.16"]
[WhiteTeam "Brühler SK 1"]
[BlackTeam "SK Turm Kleve 1"]

1. d4 Nf6 2. c4 e6 3. g3 d5 4. Nf3 Be7 5. Bg2 O-O 6. O-O Nbd7 7. Qc2 Ne4 8.
Nfd2 f5 9. Nxe4 fxe4 10. f3 exf3 11. exf3 dxc4 12. Qxc4 Nb6 13. Qc3 Bf6 14. Rd1
Nd5 15. Qb3 b6 16. Nc3 Bb7 17. f4 Nxc3 18. Qxe6+ Kh8 19. bxc3 Bxg2 20. Kxg2 Re8
21. Qc4 Qd7 22. a4 Qg4 23. Rd2 Re1 24. Bb2 Re3 25. Rf1 Rae8 26. Rdf2 Bh4 27.
Bc1 R3e7 28. Qc6 h5 29. Qf3 Bf6 30. h3 Qg6 31. f5 Qf7 32. Rd1 h4 33. g4 Re1 34.
g5 Rxd1 35. Qxd1 Be7 36. g6 Qd5+ 37. Qf3 Rd8 38. Qxd5 Rxd5 39. Re2 Bf8 40. Re5
Rxe5 41. dxe5 Be7 42. c4 a6 43. Be3 Kg8 44. Kf3 Kf8 45. Ke4 Ke8 46. Kd5 Kd7 47.
e6+ Kc8 48. Bd4 Bf8 49. Kc6 1-0

[Event "SK Turm Kleve 1 - Brühler SK 1"]
[Site "NRW-Klasse - Gruppe 3 2019/20"]
[Date "2019.10.06"]
[Round "2.4"]
[White "Albers, Sasa"]
[Black "Engel, Johann"]
[Result "0-1"]
[WhiteElo "1908"]
[BlackElo "2151"]
[PlyCount "80"]
[EventDate "2019.??.??"]
[SourceVersionDate "2020.03.16"]
[WhiteTeam "SK Turm Kleve 1"]
[BlackTeam "Brühler SK 1"]

1. e4 c6 2. Nc3 d5 3. Nf3 dxe4 4. Nxe4 Nd7 5. d4 Ngf6 6. Nxf6+ Nxf6 7. c3 Bg4
8. Be2 e6 9. O-O Bd6 10. Bg5 Qc7 11. h3 Bh5 12. Bxf6 gxf6 13. Nd2 Bg6 14. Nc4
O-O-O 15. Nxd6+ Qxd6 16. Bd3 Rhg8 17. Qf3 Bxd3 18. Qxd3 Qd5 19. f3 Qh5 20. f4
Rg7 21. Qf3 Qh4 22. Kh2 Rdg8 23. Rf2 Rg3 24. Qe2 R8g4 25. Qf1 Re3 26. f5 e5 27.
dxe5 fxe5 28. Rd1 Qg3+ 29. Kh1 Rf4 30. Rxf4 exf4 31. Kg1 f3 32. Qf2 Qg5 33. Rd2
fxg2 34. h4 Qe7 35. Qf4 Re2 36. f6 Qc5+ 37. Rd4 Rxb2 38. Qg4+ Kc7 39. Qd7+ Kb6
40. Qxf7 Qxc3 0-1

[Event "SK Turm Kleve 1 - Brühler SK 1"]
[Site "NRW-Klasse - Gruppe 3 2019/20"]
[Date "2019.10.06"]
[Round "2.5"]
[White "Schaefer, Juergen"]
[Black "Brandt, Thorsten"]
[Result "1/2-1/2"]
[WhiteElo "2120"]
[BlackElo "1963"]
[PlyCount "106"]
[EventDate "2019.??.??"]
[SourceVersionDate "2020.03.16"]
[WhiteTeam "Brühler SK 1"]
[BlackTeam "SK Turm Kleve 1"]

1. e4 e6 2. d4 d5 3. Nc3 Nc6 4. exd5 exd5 5. Bb5 Bb4 6. Qf3 Nf6 7. Bg5 Bg4 8.
Bxf6 Bxf3 9. Bxd8 Bxg2 10. Bg5 O-O 11. Bxc6 bxc6 12. f3 Bxc3+ 13. bxc3 Rfe8+
14. Kf2 Bxh1 15. Nh3 h6 16. Bd2 Rab8 17. Rxh1 Rb2 18. Rc1 g5 19. Kf1 c5 20.
dxc5 Rxa2 21. Nf2 a5 22. Nd3 Kg7 23. Kf2 Kg6 24. Be3 Kf5 25. Ke2 Ra4 26. h3 Rh4
27. Nf2 a4 28. Ra1 Ra8 29. Ra3 Rb8 30. Bd4 Ra8 31. Kf1 Ke6 32. Kg2 h5 33. Kg3
f5 34. Nd3 f4+ 35. Kg2 g4 36. Bf2 Rxh3 37. Nxf4+ Kf5 38. Nxh3 gxh3+ 39. Kxh3
Kf4 40. Bg3+ Kxf3 41. c4+ Ke4 42. Bxc7 dxc4 43. Kh4 c3 44. Kxh5 Ke3 45. Be5 Kd2
46. Rxc3 a3 47. Rc4 a2 48. c6 Ra5 49. Kg6 Rxe5 50. Ra4 Re6+ 51. Kf7 Rxc6 52.
Rxa2 Rxc2 53. Rxc2+ Kxc2 1/2-1/2

[Event "SK Turm Kleve 1 - Brühler SK 1"]
[Site "NRW-Klasse - Gruppe 3 2019/20"]
[Date "2019.10.06"]
[Round "2.6"]
[White "Krebbers, Wilfried"]
[Black "Keller, Thomas"]
[Result "0-1"]
[WhiteElo "1943"]
[BlackElo "2190"]
[PlyCount "144"]
[EventDate "2019.??.??"]
[SourceVersionDate "2020.03.16"]
[WhiteTeam "SK Turm Kleve 1"]
[BlackTeam "Brühler SK 1"]

1. b4 Nf6 2. Bb2 d5 3. e3 Nbd7 4. Nf3 e6 5. b5 Bd6 6. c4 O-O 7. d4 c5 8. bxc6
bxc6 9. c5 Rb8 10. Qc2 Bc7 11. Be2 Qe7 12. Nbd2 e5 13. dxe5 Nxe5 14. Bd4 Ng6
15. O-O Ne4 16. Qa4 Nxd2 17. Nxd2 Qd7 18. Rab1 Re8 19. Rb3 Nf4 20. Bf3 Ne6 21.
Bg4 Ra8 22. Nf3 Rf8 23. Ng5 Bxh2+ 24. Kxh2 Qc7+ 25. f4 Nxg5 26. Be5 Qe7 27. Bd6
Qf6 28. fxg5 Qxf1 29. Bxf8 Bxg4 30. Qxg4 Rxf8 31. Qd7 Qa6 32. Qd6 Qc8 33. Qe7
a5 34. Rb7 Qe6 35. Qxe6 fxe6 36. Rc7 Rf2 37. Rxc6 Kf7 38. Rc7+ Kg6 39. Re7 Rxa2
40. Rxe6+ Kf5 41. Rd6 Ke4 42. c6 Rc2 43. Re6+ Kf5 44. Re7 Rxc6 45. Ra7 Rg6 46.
Rxa5 Ke4 47. Kg1 Rxg5 48. Kf2 Rf5+ 49. Ke2 h5 50. Ra7 g6 51. Ra4+ Ke5 52. g4
Rf6 53. gxh5 gxh5 54. Rh4 Rh6 55. Kf3 Kf5 56. Rd4 Ke5 57. Kg3 h4+ 58. Kh3 Rf6
59. Rxh4 Rf3+ 60. Kg2 Rxe3 61. Kf2 d4 62. Rh8 Kd5 63. Rc8 Re5 64. Kf3 d3 65.
Ra8 Kc4 66. Kf2 d2 67. Rc8+ Kd3 68. Rd8+ Kc2 69. Rc8+ Kd1 70. Rh8 Rc5 71. Ke3
Kc1 72. Kd4 Rc7 0-1

[Event "SK Turm Kleve 1 - Brühler SK 1"]
[Site "NRW-Klasse - Gruppe 3 2019/20"]
[Date "2019.10.06"]
[Round "2.7"]
[White "Spilles, Matthias"]
[Black "Verfuerth, Thomas"]
[Result "0-1"]
[WhiteElo "2134"]
[BlackElo "2003"]
[PlyCount "122"]
[EventDate "2019.??.??"]
[SourceVersionDate "2020.03.16"]
[WhiteTeam "Brühler SK 1"]
[BlackTeam "SK Turm Kleve 1"]

1. e4 c5 2. Nf3 d6 3. d4 cxd4 4. Nxd4 Nf6 5. Nc3 g6 6. Be3 Bg7 7. Bc4 O-O 8. f3
Nc6 9. Qd2 Ne5 10. Bb3 Qa5 11. O-O-O Bd7 12. h4 Rfc8 13. h5 Nxh5 14. g4 Nf6 15.
Kb1 Nc4 16. Bxc4 Rxc4 17. Nb3 Qe5 18. f4 Qe6 19. f5 Qe5 20. Bf4 Nxe4 21. Bxe5
Nxd2+ 22. Nxd2 Rxg4 23. Bxg7 Kxg7 24. f6+ exf6 25. Nde4 f5 26. Nxd6 Bc6 27.
Rhe1 Kf8 28. Nd5 Bxd5 29. Rxd5 Rd8 30. Rdd1 b6 31. c4 h5 32. Kc2 h4 33. b4 Rg2+
34. Kb3 Rb8 35. a4 Rg3+ 36. Kc2 h3 37. a5 f4 38. a6 f3 39. Ne4 Rg2+ 40. Rd2 Re8
41. c5 bxc5 42. bxc5 f2 43. Rf1 Rxe4 44. Kd3 Re6 45. Rdxf2 Rxf2 46. Rxf2 Rxa6
47. Kc4 g5 48. Kb5 Rh6 49. c6 Kg7 50. c7 Rh8 51. Ka6 Kg6 52. Kb7 f5 53. c8=Q
Rxc8 54. Kxc8 g4 55. Rh2 Kg5 56. Kd7 Kh4 57. Ke6 g3 58. Ra2 g2 59. Ra4+ Kg3 60.
Ra1 f4 61. Kf5 h2 0-1

[Event "SK Turm Kleve 1 - Brühler SK 1"]
[Site "NRW-Klasse - Gruppe 3 2019/20"]
[Date "2019.10.06"]
[Round "2.8"]
[White "Hoenselaar, Dennis"]
[Black "Peters, Alex"]
[Result "0-1"]
[WhiteElo "1842"]
[BlackElo "2114"]
[PlyCount "96"]
[EventDate "2019.??.??"]
[SourceVersionDate "2020.03.16"]
[WhiteTeam "SK Turm Kleve 1"]
[BlackTeam "Brühler SK 1"]

1. c4 e6 2. e4 c5 3. Nc3 Nc6 4. g3 g6 5. Bg2 Bg7 6. Nge2 Nge7 7. O-O O-O 8. d3
d6 9. Be3 Nd4 10. Qd2 Qa5 11. Nxd4 cxd4 12. Nd5 Qd8 13. Nxe7+ Qxe7 14. Bg5 f6
15. Bh6 Rb8 16. Bxg7 Kxg7 17. f4 Bd7 18. b4 e5 19. b5 Be6 20. f5 Bf7 21. g4 g5
22. a4 Qc7 23. Rfc1 Qc5 24. Rab1 Rh8 25. Qb4 h5 26. Qxc5 dxc5 27. Bf3 hxg4 28.
Bxg4 Bh5 29. Bxh5 Rxh5 30. Rb2 Rh3 31. Rd1 Rbh8 32. Rg2 Re3 33. Rgd2 Rhh3 34.
a5 Kh6 35. Kf1 Kh5 36. Kg1 Ref3 37. Kg2 g4 38. Kg1 Kg5 39. Kg2 Kf4 40. Kg1 g3
41. hxg3+ Rhxg3+ 42. Kh2 Rh3+ 43. Kg1 Ke3 44. Rg2 Rhg3 45. Kh2 Rxg2+ 46. Kxg2
Rf2+ 47. Kg1 Rd2 48. Re1+ Kxd3 0-1

[Event "Brühler SK 1 - SV Mülheim-Nord 3"]
[Site "NRW-Klasse - Gruppe 3 2019/20"]
[Date "2019.11.03"]
[Round "3.1"]
[White "Walter, Andreas"]
[Black "Loifenfeld, Jakov"]
[Result "1-0"]
[WhiteElo "2160"]
[BlackElo "2374"]
[PlyCount "109"]
[EventDate "2019.??.??"]
[SourceVersionDate "2020.03.16"]
[WhiteTeam "SV Mülheim-Nord 3"]
[BlackTeam "Brühler SK 1"]

1. d4 c5 2. d5 d6 3. c4 e5 4. Nc3 f5 5. e4 Nf6 6. exf5 Bxf5 7. Be2 Be7 8. g4
Bg6 9. h4 Ne4 10. Nxe4 Bxe4 11. Bf3 Bxf3 12. Qxf3 Nd7 13. Ne2 Rf8 14. Qg3 Nf6
15. Nc3 Qd7 16. f3 O-O-O 17. Bg5 h6 18. Bxf6 Rxf6 19. O-O Rdf8 20. Kg2 g6 21.
Rf2 Rf4 22. b3 Qd8 23. Rh1 h5 24. g5 Qd7 25. Qh3 Qxh3+ 26. Rxh3 Rd4 27. Ne2 Rd2
28. Nc3 Rd3 29. f4 Rd4 30. Rhf3 Rf5 31. Ne2 Rd1 32. Ng3 Rxf4 33. Rxf4 exf4 34.
Ne2 b5 35. Nxf4 bxc4 36. bxc4 Rd4 37. Nxg6 Bd8 38. Rf4 Rd2+ 39. Rf2 Rd4 40. Rf4
Rd2+ 41. Kf3 Rxa2 42. Nf8 Ra3+ 43. Ke4 Rg3 44. Ne6 Ba5 45. Rf8+ Kb7 46. Rf7+
Kb6 47. Rd7 Rg4+ 48. Kf5 Rxc4 49. Rxd6+ Kb5 50. Rc6 Bc3 51. Rc8 a5 52. d6 a4
53. d7 Ba5 54. Rc7 Rf4+ 55. Kxf4 1-0

[Event "Brühler SK 1 - SV Mülheim-Nord 3"]
[Site "NRW-Klasse - Gruppe 3 2019/20"]
[Date "2019.11.03"]
[Round "3.2"]
[White "Gramb, Marius"]
[Black "Limbourg, Philipp"]
[Result "1/2-1/2"]
[WhiteElo "2100"]
[BlackElo "2195"]
[Annotator "Daniel"]
[PlyCount "54"]
[EventDate "2019.??.??"]
[SourceVersionDate "2020.03.16"]
[WhiteTeam "Brühler SK 1"]
[BlackTeam "SV Mülheim-Nord 3"]

1. d4 Nf6 2. c4 c5 3. d5 b5 4. Qc2 bxc4 5. e4 g6 6. Bxc4 d6 7. Nf3 Bg7 8. O-O
O-O 9. Re1 Ng4 10. h3 Ne5 11. Nxe5 Bxe5 12. Bh6 Re8 13. Nd2 Nd7 14. Nf3 Bh8 15.
Rad1 Qb6 16. b3 Ba6 17. Bf4 Bxc4 18. Qxc4 Rab8 19. e5 dxe5 20. Nxe5 Nxe5 21.
Bxe5 Bxe5 22. Rxe5 Qd6 23. Qe2 Rb4 24. Re1 $11 Kf8 25. Qd2 Rd4 26. Qh6+ Kg8 27.
Qe3 Rxd5 1/2-1/2

[Event "Brühler SK 1 - SV Mülheim-Nord 3"]
[Site "NRW-Klasse - Gruppe 3 2019/20"]
[Date "2019.11.03"]
[Round "3.3"]
[White "Kuipers, Dustin"]
[Black "Engel, Johann"]
[Result "1/2-1/2"]
[WhiteElo "2102"]
[BlackElo "2151"]
[Annotator "Daniel"]
[PlyCount "45"]
[EventDate "2019.??.??"]
[SourceVersionDate "2020.03.16"]
[WhiteTeam "SV Mülheim-Nord 3"]
[BlackTeam "Brühler SK 1"]

1. Nf3 Nf6 2. g3 g6 3. b3 Bg7 4. Bb2 O-O 5. Bg2 d6 6. d4 c5 7. c4 Nc6 8. O-O
cxd4 9. Nxd4 Bd7 10. Nc3 Nxd4 11. Qxd4 $11 Ne8 12. Qd2 Bc6 13. Nd5 Bxb2 14.
Qxb2 Nc7 15. Rfd1 Nxd5 16. Bxd5 Rc8 17. h4 Qb6 18. Rac1 Bxd5 19. Rxd5 Rc5 20.
Rxc5 Qxc5 21. Rd1 Rc8 22. Rd5 Qb6 23. Qd2 1/2-1/2

[Event "Brühler SK 1 - SV Mülheim-Nord 3"]
[Site "NRW-Klasse - Gruppe 3 2019/20"]
[Date "2019.11.03"]
[Round "3.4"]
[White "Schaefer, Juergen"]
[Black "Oltmanns, Jan"]
[Result "1/2-1/2"]
[WhiteElo "2120"]
[BlackElo "2008"]
[Annotator "Daniel"]
[PlyCount "87"]
[EventDate "2019.??.??"]
[SourceVersionDate "2020.03.16"]
[WhiteTeam "Brühler SK 1"]
[BlackTeam "SV Mülheim-Nord 3"]

1. e4 Nf6 2. Nc3 d5 3. e5 d4 4. exf6 dxc3 5. fxg7 cxd2+ 6. Bxd2 Bxg7 7. Qf3 Qd4
8. Bc3 Qg4 9. Qe3 Nc6 10. h3 Bxc3+ 11. Qxc3 Qb4 12. Ne2 Bd7 13. O-O-O O-O-O 14.
Qxb4 Nxb4 15. Nc3 Bc6 16. Rxd8+ Rxd8 17. a3 Nd5 18. Nxd5 Bxd5 19. Rg1 Rd6 20.
Bd3 h5 21. g3 Rf6 22. f4 h4 23. f5 hxg3 24. Rxg3 Rh6 25. Kd2 Rh4 26. Ke3 Kd7
27. Kf2 f6 28. Re3 c5 29. Kg3 Rh8 30. Be4 Rg8+ 31. Kf4 e5+ 32. fxe6+ Bxe6 33.
Bf5 Bxf5 34. Kxf5 Rg2 35. Rc3 Rf2+ 36. Kg6 Ke6 37. Rxc5 Rg2+ 38. Kh5 Rg7 39.
Kh6 Rg2 40. Rc7 f5 41. Rxb7 $11 f4 42. c4 f3 43. Rb8 Ke7 44. Rb7+ 1/2-1/2

[Event "Brühler SK 1 - SV Mülheim-Nord 3"]
[Site "NRW-Klasse - Gruppe 3 2019/20"]
[Date "2019.11.03"]
[Round "3.5"]
[White "Mainusch, Martin"]
[Black "Spilles, Matthias"]
[Result "1/2-1/2"]
[WhiteElo "1935"]
[BlackElo "2134"]
[PlyCount "112"]
[EventDate "2019.??.??"]
[SourceVersionDate "2020.03.16"]
[WhiteTeam "SV Mülheim-Nord 3"]
[BlackTeam "Brühler SK 1"]

1. Nf3 Nf6 2. g3 g6 3. Bg2 Bg7 4. d3 d5 5. Nbd2 O-O 6. e4 dxe4 7. dxe4 Nc6 8.
O-O Bg4 9. h3 Bxf3 10. Qxf3 Nd4 11. Qd1 e5 12. c3 Nb5 13. Qe2 Nd6 14. Rd1 Qe7
15. Nc4 Rfd8 16. Bg5 h6 17. Nxd6 Rxd6 18. Rxd6 Qxd6 19. Be3 Rd8 20. Qc4 a6 21.
a4 Bf8 22. b4 c6 23. b5 a5 24. bxc6 Rc8 25. Qb5 Rxc6 26. Qxa5 b6 27. Qb5 Nd7
28. Bf3 Qc7 29. Rd1 Kg7 30. Qd5 Nf6 31. Qd8 Qxd8 32. Rxd8 Rxc3 33. Kg2 Bc5 34.
Bxc5 Rxc5 35. Rd6 Ra5 36. Rxb6 Rxa4 37. Rb5 Nd7 38. Bg4 Nf6 39. Rxe5 Rxe4 40.
Rxe4 Nxe4 41. h4 Kf6 42. Bc8 Ke5 43. Kf3 Nd6 44. Ba6 f6 45. Ke3 Nf5+ 46. Kf3
Nd4+ 47. Ke3 Nc2+ 48. Kf3 Nb4 49. Bc4 Nc6 50. Ke3 f5 51. Bf7 Kf6 52. Bd5 Ne5
53. f4 Nd7 54. Kd4 g5 55. hxg5+ hxg5 56. fxg5+ Kxg5 1/2-1/2

[Event "Brühler SK 1 - SV Mülheim-Nord 3"]
[Site "NRW-Klasse - Gruppe 3 2019/20"]
[Date "2019.11.03"]
[Round "3.6"]
[White "Peters, Alex"]
[Black "Brockhaus, Bernd"]
[Result "1/2-1/2"]
[WhiteElo "2114"]
[BlackElo "1945"]
[Annotator "Daniel"]
[PlyCount "93"]
[EventDate "2019.??.??"]
[SourceVersionDate "2020.03.16"]
[WhiteTeam "Brühler SK 1"]
[BlackTeam "SV Mülheim-Nord 3"]

1. Nf3 g6 2. d4 Bg7 3. Bf4 c5 4. c3 Qb6 5. Qc2 cxd4 6. cxd4 Nc6 7. e3 d6 8. Nc3
Nf6 9. a3 Be6 $11 10. Bd3 Bb3 11. Qe2 O-O 12. O-O Rae8 13. Bg5 e5 14. dxe5 dxe5
15. Nd2 Be6 16. b4 Nd5 17. Na4 Qc7 18. Rac1 a6 19. Nc5 Bc8 20. Bc4 Nb6 21. Ba2
e4 22. Ndxe4 Bf5 23. Ng3 Bc8 24. Rfd1 Be5 25. Bh6 Bg7 26. Bf4 Be5 27. Bxe5 Qxe5
28. Nxa6 h5 29. Qd3 Kh7 30. Rc5 Qf6 31. Nxh5 Qb2 32. Rc2 Qh8 33. Nf4 Bf5 34.
Qe2 Bxc2 35. Qxc2 Qf6 36. Nc5 Rd8 37. Rxd8 Rxd8 38. h4 Nd4 39. Qe4 Nf5 40. g3
Qa1+ 41. Bb1 Rd1+ 42. Kh2 Nd6 43. Qe7 Qxb1 44. Nce6 Rh1+ 45. Kg2 Qf1+ 46. Kf3
Qd1+ 47. Kg2 1/2-1/2

[Event "Brühler SK 1 - SV Mülheim-Nord 3"]
[Site "NRW-Klasse - Gruppe 3 2019/20"]
[Date "2019.11.03"]
[Round "3.7"]
[White "Limbourg, Marina"]
[Black "Haskelman, Evgen"]
[Result "0-1"]
[WhiteElo "1987"]
[BlackElo "2070"]
[PlyCount "112"]
[EventDate "2019.??.??"]
[SourceVersionDate "2020.03.16"]
[WhiteTeam "SV Mülheim-Nord 3"]
[BlackTeam "Brühler SK 1"]

1. e4 d5 2. exd5 Nf6 3. d4 Nxd5 4. Nf3 Bg4 5. Be2 Nc6 6. O-O e6 7. c4 Nb6 8.
Be3 Bxf3 9. Bxf3 Nxc4 10. Qa4 Nb6 11. Bxc6+ bxc6 12. Qxc6+ Qd7 13. Qxd7+ Kxd7
14. Nc3 Bb4 15. Rac1 Bxc3 16. Rxc3 Nd5 17. Rc5 Rhb8 18. Rb1 a5 19. Bd2 a4 20.
f3 Ra6 21. Ba5 Rc6 22. Rxc6 Kxc6 23. Rc1+ Kd7 24. Rc2 Rb5 25. Bd2 Nb4 26. Bxb4
Rxb4 27. Rd2 Kd6 28. Kf2 Kd5 29. Ke3 Rc4 30. f4 Rc1 31. g3 c6 32. Kd3 Ra1 33.
b3 a3 34. Kc3 Rb1 35. b4 f6 36. Rc2 h5 37. Rd2 h4 38. gxh4 Rf1 39. Kb3 Rf3+ 40.
Ka4 f5 41. Rg2 Rxf4 42. Rxg7 Rxd4 43. h5 Rh4 44. Rh7 Rh3 45. h6 f4 46. Rh8 e5
47. h7 Ke4 48. Rc8 Rxh7 49. Rxc6 Rf7 50. b5 f3 51. Rc4+ Kd3 52. Rc1 f2 53. b6
f1=Q 54. Rxf1 Rxf1 55. h4 Rb1 56. Ka5 e4 0-1

[Event "Brühler SK 1 - SV Mülheim-Nord 3"]
[Site "NRW-Klasse - Gruppe 3 2019/20"]
[Date "2019.11.03"]
[Round "3.8"]
[White "Heuser, Friedhelm"]
[Black "Schlenter, Ruediger"]
[Result "1/2-1/2"]
[WhiteElo "1941"]
[BlackElo "1780"]
[PlyCount "60"]
[EventDate "2019.??.??"]
[SourceVersionDate "2020.03.16"]
[WhiteTeam "Brühler SK 1"]
[BlackTeam "SV Mülheim-Nord 3"]

1. e4 c5 2. Nf3 Nc6 3. d4 cxd4 4. Nxd4 g6 5. Be3 Bg7 6. Nc3 Nf6 7. Be2 Qa5 8.
O-O O-O 9. Nb3 Qc7 10. Qd2 b6 11. f4 d6 12. Bf3 Ba6 13. Rfd1 Rad8 14. a4 Bc8
15. Qf2 Ng4 16. Bxg4 Bxg4 17. Rd2 Be6 18. Nd5 Qb7 19. c3 f5 20. Qf3 fxe4 21.
Qxe4 Bf5 22. Qf3 e6 23. g4 Bxg4 24. Qxg4 exd5 25. Qe6+ Qf7 26. Qxd5 Qxd5 27.
Rxd5 Bh6 28. Rad1 Bxf4 29. Bxf4 Rxf4 30. Rxd6 Rxd6 1/2-1/2